000 00696nam a2200229Ia 4500
003 OSt
005 20220926044824.0
006 a|||||r|||| 00| 0
007 ta
008 220923b |||||||| |||| 00| 0 eng d
037 _cGeneral Book
040 _aRTL
_cRTL
_beng
041 _2eng
_aeng
082 _aX655::73:N3, G8
100 _aLewis Cleona
_9340059
245 0 _aAmerica's stake in international investments
260 _c1938
490 _aInstitute of Economics of the Brookings Institution, Publications, 75
700 _a Schlotterbeck Karl T
_9340060
942 _hX655::73:N3, G8
_cGB
_2CC
999 _c675887
_d675887